000
00350 a2200169 4500
001
189762
020
_a
85-260-0992-3
040
_c
Magnum
100
_a
Rey, Marcos
240
1
0
_a
O pĂȘndulo da noite
_l
por
245
1
0
_a
O pĂȘndulo da noite
300
_a
180
362
0
_a
2005
440
1
_a
Global
697
_a
LITERATURA GERAL
942
_c
BK
999
_c
189762
_d
189762